[Event "Politiken Cup"]
[Site "Helsingor DEN"]
[Date "2009.07.18"]
[Round "1"]
[White "Jensen,Ha"]
[Black "Peschardt,S"]
[Result "0-1"]
[WhiteElo "1620"]
[BlackElo "2102"]
[EventDate "2009.07.18"]

1. e4 c5 2. Nc3 Nc6 3. Bb5 e6 4. Bxc6 dxc6 5. f4 Nf6 6. Nf3 Be7 7. O-O b5
8. d3 Qb6 9. Kh1 Bb7 10. Qe1 O-O 11. Be3 Ng4 12. Ne5 Nxe3 13. Qxe3 Rad8 14.
Rf3 Qc7 15. Raf1 f6 16. Ng4 Bc8 17. e5 f5 18. Nf2 Qa5 19. a3 b4 20. axb4
cxb4 21. Ne2 c5 22. g4 Bb7 23. Rg1 Bxf3+ 24. Qxf3 Qa2 25. Nd1 Qd5 26. Qxd5
Rxd5 27. Ne3 Rd7 28. gxf5 exf5 29. Ng3 Bh4 30. Ngxf5 Bf2 31. e6 Bxg1 32.
exd7 Bxe3 33. Ne7+ Kf7 34. Nc6 Bxf4 35. d8=Q Rxd8 36. Nxd8+ Kf6 37. Nc6 a6
38. Kg2 Ke6 39. b3 Bc7 40. h3 Kd7 0-1

[Event "Politiken Cup"]
[Site "Helsingor DEN"]
[Date "2009.07.18"]
[Round "1"]
[White "Ottosen,P"]
[Black "Hein,Ja"]
[Result "1-0"]
[WhiteElo "2087"]
[BlackElo "1593"]
[EventDate "2009.07.18"]

1. d4 e6 2. c4 c5 3. e3 Nf6 4. Nc3 Nc6 5. Nf3 Be7 6. d5 exd5 7. cxd5 Nb4 8.
a3 Na6 9. d6 Bf8 10. Ne5 Qb6 11. Bc4 Bxd6 12. Nxf7 Rf8 13. Nxd6+ Ke7 14.
Nf5+ Kd8 15. Qd6 Qxd6 16. Nxd6 Ke7 17. Nxc8+ Raxc8 18. Nd5+ Kd6 19. Nxf6
Rxf6 20. O-O Nc7 21. b3 b5 22. Bd3 h5 23. Bb2 Rf7 24. Bg6 Re7 25. Bxh5 Rh8
26. Bf3 Ne6 27. Rfd1+ Kc7 28. Be5+ Kd8 29. Bd6 Rf7 30. Bd5 Rf6 31. Bxe6
Rxe6 32. Bxc5 Rh5 33. Bxa7 Ke7 34. Rac1 Reh6 35. h3 g5 36. Rc7 g4 37.
Rcxd7+ Ke6 38. R1d6+ Kf5 39. hxg4+ Kxg4 40. Rxh6 Rxh6 41. Rd5 Kh4 42. f3
Rh7 43. Kh2 1-0

[Event "Politiken Cup"]
[Site "Helsingor DEN"]
[Date "2009.07.18"]
[Round "1"]
[White "Kristensen,S"]
[Black "Tallaksen,L"]
[Result "0-1"]
[WhiteElo "1565"]
[BlackElo "2081"]
[EventDate "2009.07.18"]

1. d4 Nf6 2. Bg5 e6 3. e3 d5 4. Bd3 Nbd7 5. Nf3 Be7 6. c3 O-O 7. Bxf6 Nxf6
8. O-O c5 9. Nbd2 Qc7 10. Ne5 g6 11. Qf3 Nd7 12. Qg3 Nxe5 13. dxe5 Rd8 14.
Rac1 Bf8 15. f4 Bd7 16. Kh1 Bc6 17. f5 exf5 18. Bxf5 Bg7 19. Bxg6 fxg6 20.
Qg4 Qxe5 21. Nf3 Qe4 22. Qg3 Qe7 23. Ng5 Rf8 24. Qg4 Bd7 25. Qh4 Bf6 26.
Rxf6 Rxf6 27. Nxh7 Rf1+ 0-1

[Event "Politiken Cup"]
[Site "Helsingor DEN"]
[Date "2009.07.18"]
[Round "1"]
[White "Stray,G"]
[Black "Gade,J"]
[Result "1-0"]
[WhiteElo "2076"]
[BlackElo "1535"]
[EventDate "2009.07.18"]

1. d4 d5 2. Nf3 Nf6 3. e3 Bg4 4. c4 dxc4 5. Bxc4 e6 6. Qb3 Qc8 7. Ne5 Bd6
8. Nxg4 Nxg4 9. h3 Nf6 10. Nc3 O-O 11. O-O Nc6 12. Be2 a6 13. Bd2 Ne7 14.
Bf3 c6 15. Rac1 Qd7 16. Rfd1 Rab8 17. e4 Bc7 18. Be3 Rfd8 19. Na4 Qc8 20.
Nb6 Bxb6 21. Qxb6 Nd7 22. Qb3 Ng6 23. d5 Nde5 24. Be2 exd5 25. exd5 Qf5 26.
dxc6 Rxd1+ 27. Rxd1 Nxc6 28. Bg4 Qf6 29. Rd7 Nge5 30. Rxb7 Rxb7 31. Qxb7 h6
32. Qxa6 Nxg4 33. hxg4 Qe6 34. Qa4 Ne5 35. Qa8+ Kh7 36. Qe4+ Kg8 37. f4
Nxg4 38. Qxe6 fxe6 39. Bd4 1-0

[Event "Politiken Cup"]
[Site "Helsingor DEN"]
[Date "2009.07.19"]
[Round "2"]
[White "Wickstrom,L"]
[Black "Malakhov,V"]
[Result "0-1"]
[WhiteElo "2177"]
[BlackElo "2707"]
[EventDate "2009.07.18"]

1. d4 Nf6 2. c4 c5 3. d5 b5 4. cxb5 a6 5. bxa6 Bxa6 6. Nc3 g6 7. g3 d6 8.
Bg2 Bg7 9. Nf3 Nbd7 10. Rb1 Nb6 11. b3 Bb7 12. Nh4 O-O 13. O-O Ne8 14. Bd2
f5 15. f4 Nc7 16. e4 fxe4 17. Nxe4 Rxa2 18. f5 Nbxd5 19. fxg6 Rxf1+ 20.
Qxf1 hxg6 21. Qf3 Qe8 22. Re1 Qf7 23. Qg4 Qe6 24. Qxg6 Qxg6 25. Nxg6 Nb5
26. h4 Bd4+ 27. Kh1 Kg7 28. h5 Nf6 29. Nxe7 Bxe4 30. Bxe4 Rxd2 31. Nf5+ Kh8
32. h6 Bf2 33. Ra1 Nxe4 0-1

[Event "Politiken Cup"]
[Site "Helsingor DEN"]
[Date "2009.07.19"]
[Round "2"]
[White "Nielsen,PH"]
[Black "Molvig,H"]
[Result "1-0"]
[WhiteElo "2680"]
[BlackElo "2176"]
[EventDate "2009.07.18"]

1. e4 c5 2. Nf3 d6 3. d4 cxd4 4. Nxd4 Nf6 5. Nc3 a6 6. Be3 e5 7. Nb3 Be6 8.
Qd2 Nbd7 9. O-O-O Be7 10. f3 O-O 11. g4 b5 12. Rg1 Nb6 13. g5 Nfd7 14. Nd5
Nxd5 15. exd5 Bf5 16. Na5 Re8 17. Nc6 Qc8 18. Bd3 Bxd3 19. Qxd3 Bd8 20. Qa3
Nb6 21. Bxb6 Bxb6 22. Rg4 Qf5 23. Qd3 Qxd3 24. Rxd3 g6 25. a4 bxa4 26. Rxa4
Bg1 27. h4 Bh2 28. Rb3 Bg3 29. Rg4 Bf4+ 30. Kb1 h5 31. gxh6 Bxh6 32. Rb7
1-0

[Event "Politiken Cup"]
[Site "Helsingor DEN"]
[Date "2009.07.19"]
[Round "2"]
[White "Gandrud,V"]
[Black "Tiviakov,S"]
[Result "0-1"]
[WhiteElo "2169"]
[BlackElo "2674"]
[EventDate "2009.07.18"]

1. d4 Nf6 2. c4 e6 3. Nf3 b6 4. g3 c6 5. Bg2 d5 6. O-O Be7 7. Nbd2 O-O 8.
Qc2 Bb7 9. b3 Na6 10. Bb2 Rc8 11. Rfd1 Qc7 12. Rac1 Qb8 13. Qb1 Rfd8 14.
Ne5 Qa8 15. e4 Bb4 16. exd5 cxd5 17. a3 Bf8 18. Bh3 Rc7 19. Re1 Re8 20. Qd3
Qd8 21. Ndf3 Ne4 22. cxd5 exd5 23. Rxc7 Nxc7 24. Rc1 Qd6 25. Bd7 Rd8 26.
Bc6 Ba6 27. Qe3 Ne6 28. b4 f6 29. b5 Bc8 30. Nd3 N6g5 31. Nxg5 Nxg5 32. Nf4
Nh3+ 33. Nxh3 Bxh3 34. a4 Qb4 35. Bc3 Qxa4 36. Qf3 Qb3 37. g4 Ba3 38. Ra1
Bb2 39. Qxh3 Bxa1 40. Bxa1 Qxh3 0-1

[Event "Politiken Cup"]
[Site "Helsingor DEN"]
[Date "2009.07.19"]
[Round "2"]
[White "Sargissian,G"]
[Black "Nilsson,Anders1"]
[Result "1-0"]
[WhiteElo "2667"]
[BlackElo "2169"]
[EventDate "2009.07.18"]

1. d4 Nf6 2. Nf3 e6 3. c4 Nc6 4. g3 Bb4+ 5. Bd2 Qe7 6. Bg2 O-O 7. O-O Bxd2
8. Qxd2 d6 9. Nc3 e5 10. dxe5 Nxe5 11. Nd5 Nxd5 12. cxd5 Nxf3+ 13. Bxf3 a5
14. Rfc1 b6 15. Rc3 Bf5 16. Rac1 Ra7 17. Qf4 g6 18. Rc6 Rc8 19. Qd4 Bd7 20.
R6c3 a4 21. h4 Qf8 22. Kg2 Qg7 23. Qd2 Qf6 24. Rc4 a3 25. bxa3 Qg7 26. R1c3
Qf6 27. Qc1 Qd8 28. h5 b5 29. Rb4 Qf6 30. a4 bxa4 31. Rbc4 Qd8 32. hxg6
hxg6 33. Rh4 Qf6 34. Rhc4 Qd8 35. Qc2 Rb7 36. Bg4 Ra7 37. a3 Kf8 38. Rf3
Kg8 39. Be6 1-0

[Event "Politiken Cup"]
[Site "Helsingor DEN"]
[Date "2009.07.19"]
[Round "2"]
[White "Postny,E"]
[Black "Holst,C"]
[Result "1/2-1/2"]
[WhiteElo "2647"]
[BlackElo "2159"]
[EventDate "2009.07.18"]

1. d4 Nf6 2. c4 e6 3. Nf3 c5 4. d5 exd5 5. cxd5 d6 6. Nc3 g6 7. Nd2 Nbd7 8.
e4 Bg7 9. Nc4 Nb6 10. Ne3 O-O 11. Bd3 Nh5 12. O-O Nf4 13. Bc2 Be5 14. g3
Nh5 15. f4 Bd4 16. Nb5 Bh3 17. Rf2 Bxe3 18. Bxe3 Nf6 19. Bc1 Ng4 20. Re2 a6
21. Nc3 Nd7 22. a4 Qc7 23. a5 Rfe8 24. b3 c4 25. b4 b5 26. Qd4 Qa7 27. Qxa7
Rxa7 28. Bb2 Nb8 29. Rae1 Rae7 30. e5 dxe5 31. Ne4 h6 32. fxe5 Rd7 33. e6
fxe6 34. Nc5 Rxd5 35. Bxg6 Re7 36. Be4 Rd8 37. Bf3 Rf8 38. Bd5 Nf6 39.
Bxe6+ Bxe6 40. Rxe6 Rxe6 41. Rxe6 Nd5 42. Be5 c3 43. Rg6+ Kf7 44. Rd6 c2
45. Nb3 Rc8 46. Bb2 Nxb4 47. Kf2 Na2 48. Nc1 Nxc1 49. Bxc1 Rc6 50. Rxh6 b4
51. Rh7+ Kg6 52. Rb7 Rf6+ 53. Ke3 Nc6 54. Kd3 Rf3+ 55. Kxc2 b3+ 56. Kd2
Nxa5 57. Rb6+ Kf5 58. Ke2 Rc3 59. Rf6+ Kxf6 60. Bb2 Kf5 61. Bxc3 Nc4 62.
Kd3 b2 63. Kc2 Ne3+ 64. Kxb2 Nf1 1/2-1/2

[Event "Politiken Cup"]
[Site "Helsingor DEN"]
[Date "2009.07.19"]
[Round "2"]
[White "Vanman,K"]
[Black "Avrukh,B"]
[Result "0-1"]
[WhiteElo "2158"]
[BlackElo "2641"]
[EventDate "2009.07.18"]

1. g3 d5 2. Bg2 c6 3. d3 Nf6 4. Nd2 e5 5. e3 Bd6 6. Ne2 O-O 7. O-O Re8 8.
e4 a5 9. a4 Na6 10. Nb3 h6 11. c3 Be6 12. exd5 Bxd5 13. d4 Bxg2 14. Kxg2
Qb6 15. dxe5 Bxe5 16. Ned4 Nc7 17. Qc2 c5 18. Nf3 Qc6 19. h4 Ncd5 20. Bd2
c4 21. Nbd4 Bxd4 22. cxd4 Re2 23. Qd1 Rae8 24. Re1 Rxe1 25. Bxe1 Ng4 26.
Bd2 Re3 27. Kg1 Rb3 28. Bc1 Qe6 29. Kg2 Rd3 30. Bd2 c3 31. bxc3 Nxc3 32.
Qe1 Qd5 33. Be3 Qe4 34. Rc1 Nd5 0-1

[Event "Politiken Cup"]
[Site "Helsingor DEN"]
[Date "2009.07.19"]
[Round "2"]
[White "Struch,T"]
[Black "Berg,E"]
[Result "0-1"]
[WhiteElo "2154"]
[BlackElo "2610"]
[EventDate "2009.07.18"]

1. e4 e6 2. d4 d5 3. Nc3 Bb4 4. e5 Qd7 5. a3 Bxc3+ 6. bxc3 b6 7. a4 Ba6 8.
Bxa6 Nxa6 9. Nh3 Nb8 10. Nf4 Nc6 11. Qg4 g6 12. Qe2 Na5 13. O-O Nc4 14. Nd3
h6 15. Nb2 Nxb2 16. Bxb2 Ne7 17. c4 dxc4 18. Qxc4 Nc6 19. Rfd1 Na5 20. Qe2
Qd5 21. Qb5+ c6 22. Qb4 Nc4 23. Ba3 O-O-O 24. Rd3 a5 25. Qb3 Kb7 26. Be7
Rd7 27. Bf6 Rb8 28. Rb1 Ka6 29. Bg7 h5 30. Bh6 b5 31. h3 Rdb7 32. Qa2 bxa4
33. Rxb7 Rxb7 34. Rc3 Ne3 35. Qxd5 Nxd5 36. Rxc6+ Rb6 37. Rxb6+ Nxb6 38.
Bd2 a3 39. Bc3 Nd5 40. Ba1 Kb5 41. Kf1 Nb4 0-1

[Event "Politiken Cup"]
[Site "Helsingor DEN"]
[Date "2009.07.19"]
[Round "2"]
[White "Hillarp Persson,T"]
[Black "Petersen,Stee1"]
[Result "1-0"]
[WhiteElo "2596"]
[BlackElo "2152"]
[EventDate "2009.07.18"]

1. e4 e5 2. Nf3 Nc6 3. Bc4 Nf6 4. d3 Be7 5. O-O O-O 6. Re1 d6 7. c3 Na5 8.
Bb5 a6 9. Ba4 b5 10. Bc2 c5 11. Nbd2 Nc6 12. Nf1 Qc7 13. Ne3 Re8 14. h3 Bf8
15. a3 g6 16. Nh2 Bg7 17. Nhg4 Nxg4 18. hxg4 Be6 19. Nf5 Bxf5 20. gxf5 d5
21. fxg6 hxg6 22. exd5 Ne7 23. Bb3 Qd6 24. a4 b4 25. Qf3 a5 26. Bg5 f6 27.
Bd2 Kf7 28. Rac1 Rac8 29. g4 Rh8 30. cxb4 axb4 31. Be3 f5 32. Bxc5 Rxc5 33.
Rxc5 e4 34. dxe4 Qxc5 35. d6+ Kf8 36. exf5 1-0

[Event "Politiken Cup"]
[Site "Helsingor DEN"]
[Date "2009.07.19"]
[Round "2"]
[White "Petkovic,P"]
[Black "Agrest,E"]
[Result "0-1"]
[WhiteElo "2149"]
[BlackElo "2590"]
[EventDate "2009.07.18"]

1. e4 c5 2. Nf3 e6 3. d4 cxd4 4. Nxd4 a6 5. Bd3 Bc5 6. Nb3 Be7 7. Qg4 g6 8.
Qe2 d6 9. O-O Nd7 10. Na3 Ne5 11. f4 Nxd3 12. cxd3 Nf6 13. Be3 O-O 14. Nc4
Nd7 15. a4 d5 16. Ncd2 a5 17. f5 exf5 18. exf5 Bf6 19. fxg6 hxg6 20. Bh6
Re8 21. Qf2 Ra6 22. d4 Rae6 23. Rae1 b6 24. Rxe6 Rxe6 25. Re1 Qe7 26. Rxe6
Qxe6 27. Qe3 Nf8 28. Nf3 Qxe3+ 29. Bxe3 Bd7 30. Nbd2 Bxa4 31. Nb1 Ne6 32.
Nc3 Bc6 33. Ne2 b5 34. Ne5 Be8 35. Nc3 Bxe5 0-1

[Event "Politiken Cup"]
[Site "Helsingor DEN"]
[Date "2009.07.19"]
[Round "2"]
[White "Negi,P"]
[Black "Nielsen,Ni"]
[Result "1-0"]
[WhiteElo "2590"]
[BlackElo "2145"]
[EventDate "2009.07.18"]

1. e4 c5 2. Nf3 Nc6 3. Nc3 e5 4. Bc4 Be7 5. d3 d6 6. O-O Nf6 7. Ng5 O-O 8.
f4 h6 9. Nf3 Bg4 10. h3 Bxf3 11. Qxf3 Nd4 12. Qf2 Rb8 13. a4 a6 14. fxe5
dxe5 15. Nd5 b5 16. axb5 axb5 17. Nxf6+ Bxf6 18. Bd5 Qe7 19. Ra6 Bh4 20. g3
Bxg3 21. Qg2 Qh4 22. Rg6 Kh7 23. Rg4 Qh5 24. Rxg3 Ne2+ 25. Kh2 Nxg3 26.
Qxg3 Rb6 27. Be3 Rg6 28. Qf3 1-0

[Event "Politiken Cup"]
[Site "Helsingor DEN"]
[Date "2009.07.19"]
[Round "2"]
[White "Porte,H"]
[Black "Hammer,J"]
[Result "0-1"]
[WhiteElo "2115"]
[BlackElo "2583"]
[EventDate "2009.07.18"]

1. d4 Nf6 2. c4 e6 3. Nc3 Bb4 4. Qc2 O-O 5. e4 d6 6. Bd3 Nc6 7. Nge2 Ba5 8.
a3 Bb6 9. Be3 Ng4 10. b4 e5 11. Nd5 Bxd4 12. Bxd4 Nxd4 13. Nxd4 exd4 14.
O-O c6 15. Nf4 Qh4 16. Nh3 c5 17. Qd2 f5 18. exf5 Ne5 19. Nf4 Qg5 20. Qc1
Nxd3 21. Nxd3 Qxf5 22. Qd2 Be6 23. Rac1 b6 24. f3 Qf7 25. Qa2 b5 0-1

[Event "Politiken Cup"]
[Site "Helsingor DEN"]
[Date "2009.07.19"]
[Round "2"]
[White "Hector,J"]
[Black "Hansen,MM"]
[Result "1-0"]
[WhiteElo "2556"]
[BlackElo "2144"]
[EventDate "2009.07.18"]

1. e4 c5 2. Nc3 Nc6 3. Nf3 d6 4. d4 cxd4 5. Nxd4 e6 6. g4 Be7 7. Be3 h6 8.
Bg2 Ne5 9. Qe2 a6 10. O-O-O Qc7 11. f4 Nc4 12. Bf2 g5 13. e5 d5 14. Bxd5
Nxb2 15. Kxb2 Ba3+ 16. Kxa3 Qxc3+ 17. Nb3 exd5 18. Rxd5 b5 19. Bc5 Be6 20.
Rd3 Bc4 21. Qe4 b4+ 22. Bxb4 Bd5 23. Qxd5 Qc8 1-0

[Event "Politiken Cup"]
[Site "Helsingor DEN"]
[Date "2009.07.19"]
[Round "2"]
[White "Arvola,B"]
[Black "Hansen,SuB"]
[Result "0-1"]
[WhiteElo "2144"]
[BlackElo "2554"]
[EventDate "2009.07.18"]

1. d4 Nf6 2. c4 e6 3. Nf3 b6 4. g3 Ba6 5. b3 Bb7 6. Bg2 Bb4+ 7. Bd2 a5 8.
a3 Be7 9. Nc3 d5 10. cxd5 exd5 11. Ne5 O-O 12. O-O c6 13. Qc2 Nbd7 14. e4
dxe4 15. Nxe4 Nxe5 16. dxe5 Nd5 17. Qb2 Qd7 18. Rad1 Rfe8 19. f4 Ba6 20.
Rfe1 Rad8 21. Be3 Qc7 22. Bf2 Bc8 23. Nc3 Nxc3 24. Qxc3 Rxd1 25. Rxd1 Rd8
26. Rxd8+ Qxd8 27. Bf3 c5 28. Kg2 Be6 29. g4 g6 30. h3 Qd7 31. Be4 Qd1 32.
f5 Bxb3 33. e6 fxe6 34. fxg6 hxg6 35. Bxg6 Bd5+ 36. Kg3 Qf1 37. Qe3 Qg2+
38. Kf4 Qh2+ 0-1

[Event "Politiken Cup"]
[Site "Helsingor DEN"]
[Date "2009.07.19"]
[Round "2"]
[White "Rasmussen,A"]
[Black "Korley,K"]
[Result "1/2-1/2"]
[WhiteElo "2536"]
[BlackElo "2143"]
[EventDate "2009.07.18"]

1. e4 e5 2. Nf3 Nc6 3. Bb5 a6 4. Ba4 Nf6 5. O-O Be7 6. Re1 b5 7. Bb3 O-O 8.
a4 b4 9. d3 d6 10. Nbd2 Na5 11. Ba2 Be6 12. Bxe6 fxe6 13. c3 bxc3 14. bxc3
Rb8 15. d4 exd4 16. cxd4 Nd7 17. Qc2 Kh8 18. Ba3 e5 19. Qc3 c5 20. dxe5
dxe5 21. Rad1 Nc6 22. Qd3 Nd4 23. Nxd4 cxd4 24. Nc4 Bxa3 25. Qxa3 Qf6 26.
f3 Rfc8 27. Rc1 Rc5 28. Nb2 Rc3 29. Rxc3 dxc3 30. Nd3 Qb6+ 31. Kf1 Qd4 32.
Ke2 Qc4 33. Rc1 Rc8 34. Qb4 Qa2+ 35. Qb2 Qc4 1/2-1/2

[Event "Politiken Cup"]
[Site "Helsingor DEN"]
[Date "2009.07.19"]
[Round "2"]
[White "Haubro,S"]
[Black "Sebag,M"]
[Result "0-1"]
[WhiteElo "2144"]
[BlackElo "2531"]
[EventDate "2009.07.18"]

1. Nf3 d5 2. e3 Nf6 3. Be2 c6 4. b3 Bg4 5. Bb2 Nbd7 6. d4 Qa5+ 7. Nfd2 Bxe2
8. Qxe2 g6 9. O-O Bg7 10. c4 O-O 11. Nc3 e5 12. dxe5 Nxe5 13. Nxd5 Nxd5 14.
cxd5 cxd5 15. f4 Nc6 16. Bxg7 Kxg7 17. f5 Rae8 18. f6+ Kh8 19. Qf2 Qc3 20.
Rae1 Ne5 21. Re2 Re6 22. Qh4 Nd7 23. Ref2 Qxe3 24. Kh1 Rg8 25. Qb4 Qb6 26.
Qh4 g5 27. Qg4 Nxf6 28. Qf5 Qe3 29. Nf3 Ne4 30. Ng1 Nxf2+ 31. Rxf2 Qe5 32.
Qxf7 Re7 33. Qf3 g4 34. Qd3 Qd6 35. Qf5 Qg6 36. Qd3 g3 37. hxg3 Qxg3 38.
Qd4+ Qe5 39. Qh4 Reg7 40. Nf3 Qa1+ 41. Kh2 Rg4 42. Qe7 Qg7 43. Qe2 Rc8 44.
Qd2 Qc7+ 45. Kg1 Qc1+ 46. Kh2 Qxd2 47. Rxd2 d4 48. Ne5 Rh4+ 49. Kg3 Re4 50.
Nf7+ Kg8 51. Nd6 Rc3+ 52. Kh2 Rh4+ 53. Kg1 d3 54. Nf5 Rc1+ 55. Kf2 Rf4+ 0-1

[Event "Politiken Cup"]
[Site "Helsingor DEN"]
[Date "2009.07.19"]
[Round "2"]
[White "Alsina Leal,D"]
[Black "Kragh,N"]
[Result "1-0"]
[WhiteElo "2529"]
[BlackElo "2140"]
[EventDate "2009.07.18"]

1. e4 c6 2. d4 d5 3. Nc3 dxe4 4. Nxe4 Nd7 5. Ng5 Ngf6 6. Bd3 e6 7. N1f3 Bd6
8. Qe2 h6 9. Ne4 Nxe4 10. Qxe4 Qc7 11. O-O b6 12. Qg4 Kf8 13. b3 Bb7 14.
Bb2 Nf6 15. Qh4 c5 16. dxc5 Qxc5 17. Nd4 Qg5 18. Qh3 Qg4 19. Qxg4 Nxg4 20.
h3 Nf6 21. Rad1 Bc5 22. Rfe1 Rd8 23. Bb5 Kg8 24. Nc6 Rxd1 25. Rxd1 Ne4 26.
Rd8+ Kh7 27. Rd7 Nxf2 28. Rxb7 Nxh3+ 29. Kf1 Ng5 30. Bd3+ 1-0

[Event "Politiken Cup"]
[Site "Helsingor DEN"]
[Date "2009.07.19"]
[Round "2"]
[White "Schandorff,L"]
[Black "Ochsner,B"]
[Result "1-0"]
[WhiteElo "2510"]
[BlackElo "2119"]
[EventDate "2009.07.18"]

1. d4 Nf6 2. c4 g6 3. g3 Bg7 4. Bg2 O-O 5. Nc3 d6 6. Nf3 Nbd7 7. O-O e5 8.
e4 exd4 9. Nxd4 Re8 10. h3 a6 11. Be3 Rb8 12. b3 c5 13. Nde2 Ne5 14. f4 Nc6
15. Qd2 h5 16. Rad1 Nh7 17. Kh2 Qa5 18. Qc1 Rd8 19. Rd2 Nf6 20. f5 Qc7 21.
Nd5 Nxd5 22. exd5 Re8 23. Bg5 f6 24. dxc6 fxg5 25. f6 Be6 26. fxg7 bxc6 27.
Qc3 Bf5 28. Qf6 Re5 29. Ng1 Rd8 30. Bxc6 h4 31. Bd5+ 1-0

[Event "Politiken Cup"]
[Site "Helsingor DEN"]
[Date "2009.07.19"]
[Round "2"]
[White "Andersson,C"]
[Black "Tazbir,M"]
[Result "0-1"]
[WhiteElo "2136"]
[BlackElo "2500"]
[EventDate "2009.07.18"]

1. e4 c5 2. c3 Nf6 3. e5 Nd5 4. d4 cxd4 5. Nf3 e6 6. cxd4 b6 7. Bc4 Bb7 8.
O-O Be7 9. Bxd5 exd5 10. Nc3 Na6 11. Bf4 Nc7 12. Qb3 O-O 13. Rac1 Bc6 14.
Rfd1 b5 15. Ne1 b4 16. Ne2 Ne6 17. Bg3 Qa5 18. Nc2 Ba4 19. Qe3 Bxc2 20.
Rxc2 Qxa2 21. f4 f5 22. exf6 Bxf6 23. f5 Ng5 24. Bd6 b3 25. Rcc1 Rfe8 26.
Qd3 Qa4 27. Nc3 Qc4 28. Qxc4 dxc4 29. Nb5 Ne4 30. Bf4 d5 31. Nc7 Red8 32.
Nxa8 Rxa8 33. Be5 Bg5 34. Ra1 a5 35. g3 c3 36. Rd3 a4 37. h4 cxb2 38. Rb1
Bc1 39. Bf4 Rc8 40. Kg2 Bxf4 41. gxf4 Rc2+ 42. Kf3 Nd2+ 43. Rxd2 Rxd2 44.
h5 h6 45. f6 gxf6 46. Kg4 a3 47. Kf5 a2 48. Re1 b1=Q+ 0-1

[Event "Politiken Cup"]
[Site "Helsingor DEN"]
[Date "2009.07.19"]
[Round "2"]
[White "Brynell,S"]
[Black "Brondum,E"]
[Result "1-0"]
[WhiteElo "2471"]
[BlackElo "2122"]
[EventDate "2009.07.18"]

1. d4 d5 2. Nf3 c6 3. c4 e6 4. Nc3 dxc4 5. a4 Bb4 6. e3 b5 7. Bd2 a5 8.
axb5 Bxc3 9. Bxc3 cxb5 10. b3 Bb7 11. bxc4 b4 12. Bb2 Nf6 13. Bd3 Nbd7 14.
O-O Qc7 15. Re1 Ne4 16. Qc2 Ndf6 17. Ne5 O-O 18. f3 Nd6 19. c5 Nf5 20. c6
Ba6 21. Bxf5 exf5 22. Qxf5 a4 23. Rxa4 Bd3 24. Nxd3 Rxa4 25. d5 Ne8 26. Be5
Qb6 27. Bd4 Qd8 28. Rc1 Nd6 29. Qe5 f6 30. Qe6+ Nf7 31. Nc5 Ra8 32. Nd7 Re8
33. c7 Qc8 34. Nxf6+ gxf6 35. Qxf6 Kf8 36. Qg7+ Ke7 37. Bc5+ 1-0

[Event "Politiken Cup"]
[Site "Helsingor DEN"]
[Date "2009.07.19"]
[Round "2"]
[White "Schou Moldt,T"]
[Black "Cmilyte,V"]
[Result "1/2-1/2"]
[WhiteElo "2142"]
[BlackElo "2470"]
[EventDate "2009.07.18"]

1. e4 Nf6 2. e5 Nd5 3. c4 Nb6 4. c5 Nd5 5. Bc4 e6 6. Nc3 Nxc3 7. dxc3 Nc6
8. Bf4 b6 9. cxb6 axb6 10. Qe2 Bb7 11. Nf3 Be7 12. Rd1 O-O 13. h4 Na5 14.
Bd3 f5 15. b4 Nc6 16. Bc4 Qe8 17. Bg5 h6 18. Bf4 Ra3 19. Rd3 Rf7 20. Nd2
Bf8 21. Qh5 Kh8 22. Nf3 Re7 23. Qxe8 Rxe8 24. Bc1 1/2-1/2

[Event "Politiken Cup"]
[Site "Helsingor DEN"]
[Date "2009.07.19"]
[Round "2"]
[White "Algra,J"]
[Black "Sethuraman,S"]
[Result "0-1"]
[WhiteElo "2123"]
[BlackElo "2455"]
[EventDate "2009.07.18"]

1. d4 d5 2. c4 e6 3. Nf3 Nf6 4. g3 Bb4+ 5. Bd2 Be7 6. Nc3 c6 7. cxd5 cxd5
8. Bg2 O-O 9. O-O Nc6 10. Rc1 a6 11. a3 Bd7 12. Re1 Rc8 13. e4 dxe4 14.
Nxe4 Nxe4 15. Rxe4 Bf6 16. Bf4 Ne7 17. Ne5 Bc6 18. Nxc6 Nxc6 19. Be5 Bg5
20. Bf4 Bxf4 21. Rxf4 Qd7 22. Rh4 Ne7 23. Rc2 Rxc2 24. Qxc2 Nf5 25. Rf4
Nxd4 26. Qd3 e5 27. Re4 Qc7 28. Re1 Rd8 29. Qe4 Nc6 30. Qc4 Qa5 31. Qc1 Rd6
32. b4 Qd8 33. Be4 g6 34. Qc5 f6 35. Kg2 Kg7 36. Rc1 Qd7 37. a4 Nd8 38. Qc7
Kh6 39. Qb8 Rd2 40. Rf1 Qd4 41. Bf3 Qxb4 42. Qa7 Qd4 43. Qa8 e4 44. Bg4 f5
45. Bh3 e3 46. Qb8 Qe4+ 47. Kg1 e2 0-1

[Event "Politiken Cup"]
[Site "Helsingor DEN"]
[Date "2009.07.19"]
[Round "2"]
[White "Pedersen,Pet2"]
[Black "Fries Nielsen,JO"]
[Result "0-1"]
[WhiteElo "2119"]
[BlackElo "2439"]
[EventDate "2009.07.18"]

1. c4 e6 2. g3 d5 3. Bg2 g6 4. Nf3 Bg7 5. O-O Ne7 6. d4 Nbc6 7. e3 O-O 8.
Nc3 b6 9. b3 Ba6 10. Qe2 Na5 11. Bb2 c6 12. Qc2 Nb7 13. Nd2 Nd6 14. Ne2 Rc8
15. Rfc1 Nef5 16. Nf4 Re8 17. c5 bxc5 18. dxc5 e5 19. cxd6 exf4 20. gxf4
Bd3 21. Qxd3 Bxb2 22. Bh3 Bxa1 23. Bxf5 gxf5 24. Rxa1 Qxd6 25. Kh1 Re6 26.
Qxf5 Rce8 27. Nf3 Rg6 28. Ne5 Rg7 29. Rc1 c5 30. Nd7 Kh8 31. Ne5 f6 32. Nf3
Reg8 33. Rd1 d4 34. exd4 cxd4 35. h4 Rg4 36. Rxd4 Qxd4 37. Nxd4 0-1

[Event "Politiken Cup"]
[Site "Helsingor DEN"]
[Date "2009.07.19"]
[Round "2"]
[White "Antonsen,M"]
[Black "Karlsson,J"]
[Result "1-0"]
[WhiteElo "2438"]
[BlackElo "2118"]
[EventDate "2009.07.18"]

1. d4 g6 2. c4 Nf6 3. Nc3 Bg7 4. e4 d6 5. f3 O-O 6. Nge2 c5 7. d5 a6 8. a4
e6 9. Ng3 exd5 10. cxd5 Nbd7 11. Be2 h5 12. Bg5 Qb6 13. Qd2 Nh7 14. a5 Qc7
15. Bh6 Bxh6 16. Qxh6 b5 17. axb6 Qxb6 18. Qd2 Ne5 19. f4 Ng4 20. h3 Nh6
21. O-O f5 22. e5 dxe5 23. fxe5 Nf7 24. e6 Nd6 25. Qh6 Ra7 26. Kh2 Rg7 27.
Qf4 Nf6 28. Qe5 h4 29. Nh1 Bb7 30. Nf2 Re7 31. Ra4 g5 32. Ng4 Nd7 33. Qe3
fxg4 34. Rxg4 Nf5 35. Qxg5+ Rg7 36. Rxf5 Qd6+ 37. Kh1 1-0

[Event "Politiken Cup"]
[Site "Helsingor DEN"]
[Date "2009.07.19"]
[Round "2"]
[White "Rhee,A"]
[Black "Kristiansen,Jen"]
[Result "1/2-1/2"]
[WhiteElo "2116"]
[BlackElo "2435"]
[EventDate "2009.07.18"]

1. e4 g6 2. d4 Bg7 3. Nc3 d6 4. Be3 a6 5. Qd2 b5 6. a4 b4 7. Nd1 a5 8. c3
Nf6 9. f3 bxc3 10. bxc3 O-O 11. Bd3 c5 12. Ne2 cxd4 13. cxd4 Nc6 14. Nf2
Nb4 15. Bb5 Bd7 16. Nd3 Bxb5 17. axb5 Nxd3+ 18. Qxd3 Nd7 19. O-O Nb6 20.
Rac1 d5 21. Bf4 dxe4 22. fxe4 e5 23. Bg3 Rc8 24. d5 f5 25. Rxc8 Qxc8 26.
Rc1 fxe4 27. Qxe4 Qd7 28. d6 Qxd6 29. h3 a4 30. Bf2 Rb8 31. Rc6 Qd1+ 32.
Kh2 Nd7 33. Nc3 Qb3 34. Ba7 Re8 35. b6 a3 36. b7 a2 37. Nxa2 Qxa2 38. Rc8
Qf7 39. Qc6 e4 40. Rxe8+ Qxe8 41. b8=Q Be5+ 42. Qxe5 Qxe5+ 43. Kh1 Nf6 44.
Qc4+ Qd5 45. Qc8+ Kf7 46. Be3 h5 47. Qc7+ Ke6 48. Qc8+ Qd7 49. Qc4+ Ke5 50.
Qc3+ Kf5 51. Qc5+ Qd5 52. Qc8+ Qd7 53. Qc5+ Ke6 54. Qc4+ Qd5 55. Qc8+ Kf7
56. Qc7+ Qd7 57. Qc4+ Qe6 58. Qc7+ Qe7 59. Qc4+ Kg7 60. Qd4 Qd7 61. Qe5 Qd5
62. Qe7+ Qf7 63. Qe5 1/2-1/2

[Event "Politiken Cup"]
[Site "Helsingor DEN"]
[Date "2009.07.19"]
[Round "2"]
[White "Pedersen,Stef"]
[Black "Schmidt,Ho DEN"]
[Result "1-0"]
[WhiteElo "2435"]
[BlackElo "1875"]
[EventDate "2009.07.18"]

1. d4 d5 2. c4 e6 3. Nf3 Nf6 4. g3 Bb4+ 5. Bd2 Qe7 6. Bg2 O-O 7. O-O Nbd7
8. Qb3 a5 9. Bg5 dxc4 10. Qxc4 c6 11. a3 Bd6 12. e4 e5 13. Nh4 Qe6 14. d5
cxd5 15. exd5 Qg4 16. Qc1 h6 17. Be3 e4 18. f3 exf3 19. Bxf3 Qh3 20. Bg2
Qg4 21. Nf5 Be5 22. Nd2 Qe2 23. Rf2 Qd3 24. Bf1 Qxf5 25. Rxf5 Nxd5 26. Nc4
Nxe3 27. Qxe3 Bb8 28. Qe7 Nf6 29. Rxf6 gxf6 30. Bg2 Ba7+ 31. Kh1 Be6 32.
Nd6 Bc5 33. Qc7 b6 34. Bxa8 Rxa8 35. h4 Bd5+ 36. Kh2 Rf8 37. Rd1 Be6 38.
Ne4 Be3 39. Rd3 Rc8 40. Qxc8+ Bxc8 41. Rxe3 1-0

[Event "Politiken Cup"]
[Site "Helsingor DEN"]
[Date "2009.07.19"]
[Round "2"]
[White "Berg,K"]
[Black "Nielsen,JanM"]
[Result "1-0"]
[WhiteElo "2432"]
[BlackElo "2115"]
[EventDate "2009.07.18"]

1. c4 c6 2. e4 e6 3. d4 d5 4. cxd5 exd5 5. exd5 cxd5 6. Nc3 Nf6 7. Nf3 Bb4
8. Bd3 Qe7+ 9. Ne5 Nc6 10. O-O O-O 11. Re1 Nxd4 12. Bg5 Bxc3 13. bxc3 Ne6
14. Ng4 Qd8 15. Nxf6+ gxf6 16. Bh6 1-0